[Event "Ogolnopolska Olimpiada Mlodziezy C-12"]
[Site "Spala"]
[Date "1899-12-30"]
[Round "2.6"]
[White "Golecki, Jan"]
[Black "Szczurek, Krzysztof"]
[Result "1-0"]
[WhiteTitle "II"]
[BlackTitle "I"]
[WhiteElo "1555"]
[BlackElo "1775"]

1. e4 c5 2. Nf3 d6 3. d4 cxd4 4. Nxd4 Nf6 5. Nc3 a6 6. Be2 e5 7. Nb3 Be7 8. Be3
Be6 9. O-O O-O 10. Qd2 b5 11. Bf3 Nbd7 12. a4 b4 13. Nd5 Nxd5 14. exd5 Bf5 15.
a5 Rc8 16. Rfc1 Bg6 17. Be2 f5 18. Qxb4 f4 19. Bb6 Nxb6 20. axb6 e4 21. Bxa6 Rb8
22. b7 Bh4 23. Rf1 f3 24. g3 Qd7 25. Rfe1 Bg5 26. Rxe4 Bxe4 27. Qxe4 Rbe8 28.
Qa4 Qe7 29. Nd4 h5 30. Ne6 Rf5 31. Bd3 Re5 32. Qxe8+ Qxe8 33. Ra8 Re1+ 34. Bf1
Rxe6 35. dxe6 Bd8 36. b8=Q 1-0

[Event "Ogolnopolska Olimpiada Mlodziezy C-12"]
[Site "Spala"]
[Date "1899-12-30"]
[Round "2.7"]
[White "Pniaczek, Marek"]
[Black "Ochowicz, Jakub"]
[Result "0-1"]
[WhiteTitle "II"]
[BlackTitle "II"]
[WhiteElo "1527"]
[BlackElo "1713"]

1. e4 c6 2. Nc3 d5 3. Nf3 Bg4 4. h3 Bxf3 5. Qxf3 Nf6 6. exd5 cxd5 7. Bb5+ Nc6 8.
d4 e6 9. O-O Bd6 10. Re1 O-O 11. Be3 a6 12. Bxc6 bxc6 13. Bf4 Rb8 14. b3 Qc7 15.
Bxd6 Qxd6 16. Na4 Nd7 17. Qc3 Rfc8 18. Re2 c5 19. dxc5 Nxc5 20. Nxc5 Rxc5 21.
Qd4 Qc6 22. Rc1 Rc8 23. f3 Rc3 24. Kf2 f6 25. Ke1 e5 26. Qb4 d4 27. f4 d3 28.
Rf2 Rxc2 29. Rfxc2 Qxc2 0-1

[Event "Ogolnopolska Olimpiada Mlodziezy C-12"]
[Site "Spala"]
[Date "1899-12-30"]
[Round "2.8"]
[White "Nowak, Mikolaj"]
[Black "Gozdzicki, Maciej"]
[Result "0-1"]
[WhiteTitle "I"]
[BlackTitle "II"]
[WhiteElo "1711"]
[BlackElo "1373"]

1. e4 c5 2. Nf3 d6 3. c3 Nf6 4. Bd3 a6 5. Bc2 e6 6. O-O Be7 7. Re1 b5 8. d4 cxd4
9. cxd4 O-O 10. a3 Bb7 11. Nc3 Nbd7 12. Qd3 e5 13. Be3 Ng4 14. Rad1 Nxe3 15. fxe3
Bc6 16. Rd2 Qc7 17. Nd5 Qd8 18. Red1 exd4 19. Nxe7+ Qxe7 20. exd4 Rfe8 21. Re1
g6 22. Rde2 Rac8 23. Bb3 Kg7 24. d5 Bb7 25. e5 Nxe5 26. Nxe5 dxe5 27. d6 Qd7 28.
Rxe5 Rxe5 29. Rxe5 Rc1+ 30. Kf2 Qc6 31. Re4 Qc5+ 32. Qd4+ Qxd4+ 33. Rxd4 Rc8 34.
Rf4 f6 35. Be6 Rd8 36. Rd4 f5 37. d7 Kf6 38. Rd6 Ke7 39. Rb6 h6 40. g4 Rf8 41.
gxf5 gxf5 42. Kg3 Rf6 43. Kf4 Bd5 44. Ke5 Rxe6+ 45. Kf4 Rf6 0-1

[Event "Ogolnopolska Olimpiada Mlodziezy C-12"]
[Site "Spala"]
[Date "1899-12-30"]
[Round "2.9"]
[White "Wegrzyniak, Pawel"]
[Black "Kawaler, Adam"]
[Result "0-1"]
[WhiteTitle "II+"]
[BlackTitle "I"]
[WhiteElo "1472"]
[BlackElo "1647"]

1. e4 c5 2. Nf3 Nc6 3. d4 cxd4 4. Nxd4 g6 5. c4 Nf6 6. Nc3 Nxd4 7. Qxd4 d6 8. Be2
Bg7 9. Be3 O-O 10. Qd2 Be6 11. Bh6 Rc8 12. Bxg7 Kxg7 13. b3 Qa5 14. f3 a6 15.
Na4 Qe5 16. Qb2 Qxb2 17. Nxb2 Rc7 18. Kd2 Rfc8 19. Rac1 Nd7 20. Nd3 Nc5 21. Nxc5
dxc5 22. Ke3 Rd7 23. Rhd1 Rcd8 24. f4 f6 25. Rxd7 Rxd7 26. Rd1 Kf7 27. g3 Rxd1
28. Bxd1 Bd7 29. Be2 e5 30. a3 Ke7 31. Bf1 Kd6 32. Be2 Bc8 33. Bf1 Be6 34. a4
Bg4 35. Be2 Bd7 36. Bd3 Kc6 37. fxe5 fxe5 38. a5 b6 39. axb6 Kxb6 40. Kd2 a5 41.
Be2 a4 42. bxa4 Ka5 43. Kc3 Kxa4 44. h4 h6 45. Bf3 Bh3 46. Be2 Bg2 47. Bd3 Bf3
48. Bc2+ Ka3 49. Bb1 Be2 50. Bc2 Ka2 51. Ba4 Kb1 52. Be8 g5 53. hxg5 hxg5 54.
Bf7 Kc1 55. Kb3 Kd2 56. Ka4 Kc3 57. Kb5 Kd4 58. Be6 Bd3 59. Bd5 Bc2 60. Kc6 Bb3
61. Kd6 Bc2 62. Kc6 Bb1 63. Kd6 Bd3 64. g4 Be2 65. Be6 Bf1 66. Bf7 Bg2 67. Bg6
Bh3 68. Bf5 Bf1 69. Be6 Be2 70. Ke7 Bxc4 71. Bf5 Bd3 72. Kf6 c4 73. Be6 c3 74.
Bb3 c2 75. Bxc2 Bxc2 76. Kxg5 Bxe4 77. Kh4 Bc2 78. Kg3 e4 79. Kf2 Kd3 80. Ke1
e3 81. g5 Bb3 82. g6 e2 83. g7 Bc4 84. Kf2 Kd2 85. Kg3 e1=Q+ 86. Kf4 Qh4+ 87.
Kf5 Ke3 88. Kg6 Kf4 89. g8=Q Qg5+ 90. Kh7 Bxg8+ 91. Kh8 Bf7 92. Kh7 Ba2 93. Kh8
Qh6# 0-1

[Event "Ogolnopolska Olimpiada Mlodziezy C-12"]
[Site "Spala"]
[Date "1899-12-30"]
[Round "2.10"]
[White "Kokoszczynski, Jan"]
[Black "Wierzbicki, Michal"]
[Result "1/2-1/2"]
[WhiteTitle "I"]
[BlackTitle "II"]
[WhiteElo "1715"]
[BlackElo "1438"]

1. d4 d5 2. Nf3 Nf6 3. c4 e6 4. Nc3 c6 5. Bg5 Nbd7 6. cxd5 exd5 7. e3 Be7 8. Bd3
O-O 9. Qc2 Re8 10. O-O Nf8 11. Bf4 Ng6 12. Bg3 Bd6 13. a3 Bxg3 14. hxg3 Qe7 15.
Nd2 Ng4 16. Rfe1 Qg5 17. Nf3 Qh5 18. e4 dxe4 19. Nxe4 Be6 20. Bc4 Bd5 21. Bxd5
Qxd5 22. Nc3 Qd7 23. Rad1 Nf6 24. Ne5 Qe6 25. Re2 Nxe5 26. Rxe5 Qd6 27. Qe2 Re6
28. f4 Rae8 29. Rd3 Nd7 30. Ne4 Qc7 31. Rxe6 Rxe6 32. f5 Re7 33. Qg4 f6 34. Nc5
Nxc5 35. dxc5 Qa5 36. b4 Qc7 37. Rd6 Rf7 38. Qd4 Rf8 39. Qe4 Qf7 40. Qe6 Re8 41.
Qxf7+ Kxf7 42. Rd7+ Re7 43. Rxe7+ Kxe7 44. Kf2 b6 45. Ke3 b5 46. Kd4 Kf7 47. Ke4
Ke7 48. g4 g5 49. Kd4 Kf7 50. Kd3 Kg7 51. Kd2 Kf7 1/2-1/2

[Event "Ogolnopolska Olimpiada Mlodziezy C-12"]
[Site "Spala"]
[Date "1899-12-30"]
[Round "2.13"]
[White "Strzelecki, Maciej"]
[Black "Manka, Mateusz"]
[Result "1-0"]
[WhiteTitle "II"]
[BlackTitle "II"]
[WhiteElo "1526"]
[BlackElo "1460"]

1. e4 c5 2. Nf3 d6 3. d4 cxd4 4. Nxd4 Nf6 5. Nc3 g6 6. Be3 Bg7 7. f3 O-O 8. Qd2
Nc6 9. O-O-O d5 10. exd5 Nxd5 11. Nxc6 bxc6 12. Bd4 Nxc3 13. Qxc3 Bxd4 14. Qxd4
Be6 15. Qxd8 Rfxd8 16. Bd3 c5 17. b3 a5 18. Be4 Rxd1+ 19. Rxd1 Rc8 20. Bd5 Bxd5
21. Rxd5 e6 22. Rd7 c4 23. Ra7 cxb3 24. axb3 Rc5 25. Rd7 Rh5 26. h3 Rg5 27. Rd2
Kf8 28. Kb2 Ke7 29. c4 Rc5 30. Kc3 e5 31. b4 axb4+ 32. Kxb4 Rc7 33. c5 Rd7 34.
Re2 f6 35. Kb5 Kd8 36. Kb6 Kc8 37. Ra2 Kb8 38. c6 Rd6 39. Rb2 Kc8 40. Ra2 Kb8
41. Ra5 h6 42. g3 h5 43. h4 Re6 44. Rd5 Kc8 45. Rd7 f5 46. Rg7 Re8 47. Ra7 Kb8
48. c7+ 1-0

[Event "Ogolnopolska Olimpiada Mlodziezy C-12"]
[Site "Spala"]
[Date "1899-12-30"]
[Round "2.14"]
[White "Poziomkowski, Szymon"]
[Black "Zolkiewski, Jakub"]
[Result "1-0"]
[WhiteTitle "II+"]
[BlackTitle "II"]
[WhiteElo "1431"]
[BlackElo "1504"]

1. e4 e6 2. d4 d5 3. exd5 exd5 4. Nf3 Nf6 5. Bg5 Be7 6. Bd3 Bg4 7. Nbd2 Nbd7 8.
O-O O-O 9. c3 Re8 10. Qb3 Qc8 11. Rfe1 c6 12. h3 Bh5 13. Bf5 Qc7 14. Ne5 Nxe5
15. Rxe5 Bd6 16. Bxf6 Bxe5 17. Bxe5 Qb6 18. Qc2 Bg6 19. Bxg6 hxg6 20. Nb3 Re7
21. Rf1 Rae8 22. Nc1 Re6 23. b4 f6 24. Bf4 Qa6 25. Be3 g5 26. Nd3 b6 27. a4 Qb7
28. a5 Qc7 29. axb6 axb6 30. Ra1 Qb7 31. Ra4 Ra8 32. Qa2 Ree8 33. Rxa8 Rxa8 34.
Qb2 Qa6 35. b5 Qa4 36. Nb4 Qxb5 37. Qc2 Qc4 38. Qf5 Qxc3 39. Qe6+ Kh8 40. Nxc6
Qc4 41. Ne7 Qc7 42. g3 Qc4 43. Qf7 Ra1+ 44. Kh2 Qd3 45. Qh5+ Qh7 46. Qe8+ Qg8
47. Qxg8# 1-0

[Event "Ogolnopolska Olimpiada Mlodziezy C-12"]
[Site "Spala"]
[Date "1899-12-30"]
[Round "2.15"]
[White "Twardowski, Hubert"]
[Black "Psyk, Radoslaw"]
[Result "1/2-1/2"]
[WhiteTitle "II"]
[BlackTitle "I+"]
[WhiteElo "1450"]
[BlackElo "1845"]

1. e4 e6 2. d4 d5 3. Nd2 dxe4 4. Nxe4 Nd7 5. Nf3 Ngf6 6. Bd3 c5 7. Nxf6+ Nxf6 8.
dxc5 Bxc5 9. Bg5 O-O 10. O-O h6 11. Bh4 Be7 12. Qe2 Nd5 13. Bg3 f5 14. Be5 Bf6
15. Rad1 Qe8 16. Bxf6 Rxf6 17. Qe5 Ne7 18. Bb5 Qf8 19. c4 Ng6 20. Qc7 Rf7 21.
Qd8 e5 22. Be8 Rf6 23. Bxg6 Rxg6 24. Qxf8+ Kxf8 25. Nxe5 Re6 26. f4 g5 27. g3
gxf4 28. gxf4 b6 29. Rd8+ Re8 30. Ng6+ Kf7 31. Ne5+ Kf8 32. Ng6+ Kf7 33. Ne5+
Kf8 34. Ng6+ Kf7 35. Ne5+ Kf8 36. Ng6+ Kf7 37. Ne5+ Kf8 38. Ng6+ Kf7 39. Ne5+
Kf8 40. Ng6+ Kf7 1/2-1/2

[Event "Ogolnopolska Olimpiada Mlodziezy C-12"]
[Site "Spala"]
[Date "1899-12-30"]
[Round "2.16"]
[White "Pijewski, Milosz"]
[Black "Posluszny, Tomasz"]
[Result "1/2-1/2"]
[WhiteTitle "II"]
[BlackTitle "II"]
[WhiteElo "1572"]
[BlackElo "1451"]

1. e4 e5 2. Nf3 Nf6 3. Nc3 Nc6 4. d3 Be7 5. Be2 O-O 6. O-O d6 7. Be3 Bd7 8. h3
Re8 9. Qd2 Bf8 10. Rfe1 g6 11. Nh2 Qc8 12. Rad1 Bg7 13. a3 Ne7 14. Bf3 c5 15.
Qe2 a6 16. Bg5 b5 17. b3 b4 18. Nb1 Nc6 19. a4 Nd4 20. Qd2 Be6 21. Be3 Nc6 22.
Qc1 Nd7 23. Nd2 Nb6 24. Nc4 Nxc4 25. dxc4 Nd4 26. Bxd4 cxd4 27. Qd2 a5 28. Nf1
Qd8 29. Ng3 Rc8 30. Qe2 Rf8 31. Rd3 Bh6 32. Nf1 Rc7 33. Nd2 Qg5 34. Kh1 Kh8 35.
Rg1 Qh4 36. Re1 f5 37. Rf1 Rcf7 38. Kg1 Bxd2 39. Rxd2 fxe4 40. Bxe4 Rf4 41. g3
Qg5 42. Bg2 R4f7 43. Rd3 1/2-1/2

[Event "Ogolnopolska Olimpiada Mlodziezy C-12"]
[Site "Spala"]
[Date "1899-12-30"]
[Round "2.17"]
[White "Paliwoda, Borys"]
[Black "Fus, Jakub"]
[Result "1-0"]
[WhiteTitle "II"]
[BlackTitle "II"]
[WhiteElo "1499"]
[BlackElo "1429"]

1. e4 c5 2. Nf3 e6 3. d4 cxd4 4. Nxd4 a6 5. c4 Qc7 6. Nc3 Nf6 7. Be2 b6 8. O-O
Bb7 9. f3 Be7 10. Be3 d6 11. Rc1 Nbd7 12. Qd2 Rc8 13. a3 O-O 14. b4 Qb8 15. Kh1
Rfe8 16. Nb3 Bd8 17. Rfd1 Bc7 18. Bg1 Qa8 19. Rc2 Re7 20. Qg5 Rce8 21. Nd4 h6
22. Qh4 Ne5 23. Na4 Qb8 24. Qf2 Ned7 25. Rb1 g6 26. b5 a5 27. Nc6 Bxc6 28. bxc6
Nc5 29. Nxc5 dxc5 30. Qh4 Kg7 31. Bxc5 Bd6 32. Bxb6 Qa8 33. c5 Bc7 34. Bb5 Rb8
35. Ba4 Qa6 36. Rcb2 g5 37. Qe1 Nh5 38. Bxc7 Rxb2 39. Be5+ 1-0

[Event "Ogolnopolska Olimpiada Mlodziezy C-12"]
[Site "Spala"]
[Date "1899-12-30"]
[Round "2.18"]
[White "Wilk, Radoslaw"]
[Black "Frydrych, Lukasz"]
[Result "0-1"]
[WhiteTitle "II"]
[BlackTitle "II"]
[WhiteElo "1422"]
[BlackElo "1493"]

1. d4 d5 2. Nf3 Nf6 3. Bg5 e6 4. Nbd2 Be7 5. e3 O-O 6. Bd3 Nbd7 7. c3 h6 8. Bh4
c5 9. Qe2 c4 10. Bc2 b5 11. Rg1 a5 12. g4 Ne8 13. g5 h5 14. Ne5 Nxe5 15. dxe5
g6 16. Nf3 Bb7 17. Nd4 b4 18. Bxg6 fxg6 19. Nxe6 Qb6 20. Nxf8 Bxf8 21. f4 Ng7
22. Bf2 Bc5 23. e4 Bxf2+ 24. Qxf2 Qxf2+ 25. Kxf2 dxe4 26. cxb4 axb4 27. a3 b3
28. Rac1 Bd5 29. Rgd1 Ra5 30. Ke2 Kf7 31. Kd2 Ke6 32. Kc3 Ra4 33. Kd4 Ra5 34.
a4 Nf5+ 35. Kc3 Ne3 36. Rd2 Nc2 37. Rdxc2 bxc2 38. Kb4 Ra8 39. Rxc2 Rf8 40. Rf2
e3 41. Re2 Rxf4 42. Rxe3 Rf5 43. h4 Rf4 44. Rh3 Rf2 45. a5 Rxb2+ 46. Kc5 Rb3 47.
Rh2 c3 48. Rc2 Be4 49. Rc1 c2 50. a6 Rb1 51. Rxc2 Bxc2 52. a7 Ra1 53. Kd4 Rxa7
54. Ke3 Kxe5 55. Kf3 Ra3+ 56. Kf2 Ke4 57. Kg2 Ba4 58. Kf2 Re3 59. Kg2 Rf3 60.
Kh2 Kf4 61. Kg2 Kg4 62. Kh2 Rf2+ 63. Kg1 Kg3 64. Kh1 Rf1# 0-1

[Event "Ogolnopolska Olimpiada Mlodziezy C-12"]
[Site "Spala"]
[Date "1899-12-30"]
[Round "2.19"]
[White "Lipiak, Mateusz"]
[Black "Maciejewski, Kamil"]
[Result "1/2-1/2"]
[WhiteTitle "I"]
[BlackTitle "II+"]
[WhiteElo "1489"]
[BlackElo "1384"]

1. e4 e6 2. d4 d5 3. Nd2 c5 4. exd5 exd5 5. Ngf3 Nc6 6. Bb5 a6 7. Bxc6+ bxc6 8.
O-O cxd4 9. Re1+ Be7 10. Nxd4 Qc7 11. N2f3 c5 12. Nb3 Bb7 13. c3 Nf6 14. Qe2 Ne4
15. Nfd2 Ng5 16. Nf3 Ne6 17. Ng5 Bxg5 18. Bxg5 O-O 19. Be3 h6 20. Qg4 Kh8 21.
Rad1 Rfe8 22. f4 c4 23. Nd4 Nxd4 24. Bxd4 f6 25. f5 Qf7 26. Qf3 Rxe1+ 27. Rxe1
Re8 28. Qf2 Bc6 29. g4 Rxe1+ 30. Qxe1 Qe8 31. Qxe8+ Bxe8 32. b3 Bb5 33. Kf2 cxb3
34. axb3 a5 35. h4 a4 36. bxa4 Bxa4 37. Kf3 Kg8 38. Kf4 Kf7 39. g5 hxg5+ 40. hxg5
fxg5+ 41. Kxg5 Bb3 1/2-1/2

[Event "Ogolnopolska Olimpiada Mlodziezy C-12"]
[Site "Spala"]
[Date "1899-12-30"]
[Round "2.20"]
[White "Baran, Mateusz"]
[Black "Bujalski, Mateusz"]
[Result "0-1"]
[WhiteTitle "II"]
[BlackTitle "II"]
[WhiteElo "1377"]
[BlackElo "1474"]

1. e4 Nf6 2. Nc3 d5 3. exd5 Nxd5 4. Bc4 Nb6 5. Bb3 Nc6 6. Nf3 Bg4 7. h3 Bh5 8.
Ne5 Nxe5 9. Qxh5 Ng6 10. O-O e6 11. d3 Be7 12. Be3 O-O 13. f4 Bf6 14. d4 Bxd4
15. Qf3 Nh4 16. Qf2 Bxe3 17. Qxe3 Nf5 18. Qf3 c6 19. Rad1 Qe7 20. Rfe1 Rad8 21.
Rxd8 Rxd8 22. Qg4 Qc5+ 23. Kh2 Nh6 24. Qg3 Nd5 25. Ne4 Qe7 26. Qf2 b6 27. Ng3
Qh4 28. Rd1 Ng4+ 29. Kg1 0-1

[Event "Ogolnopolska Olimpiada Mlodziezy C-12"]
[Site "Spala"]
[Date "1899-12-30"]
[Round "2.21"]
[White "Janczak, Dominik"]
[Black "Mike, Patryk"]
[Result "0-1"]
[WhiteTitle "II"]
[BlackTitle "II+"]
[WhiteElo "1336"]
[BlackElo "1463"]

1. c4 e5 2. g3 Nf6 3. Bg2 d5 4. cxd5 Nxd5 5. Nc3 Nb6 6. Nf3 Nc6 7. O-O Be7 8. d3
O-O 9. Be3 Be6 10. d4 exd4 11. Nxd4 Nxd4 12. Qxd4 Qxd4 13. Bxd4 c6 14. a3 Rfd8
15. Rfd1 Bb3 16. Bxb6 Rxd1+ 17. Nxd1 axb6 18. Be4 Bf6 19. Nc3 Bc4 20. Bf3 Kf8
21. Kf1 Ke7 22. Ke1 Bb3 23. h4 Rd8 24. Be4 b5 25. Rc1 h6 26. Bc2 Bxc3+ 27. bxc3
Bxc2 28. Rxc2 Ra8 29. Ra2 Kd6 30. Kd2 Kc5 31. Kd3 Rd8+ 32. Kc2 Kc4 33. Rb2 c5
34. h5 b6 35. g4 Ra8 36. Rb3 Re8 37. e3 Re4 38. a4 bxa4 39. Rxb6 Rxg4 40. Ra6
Kb5 41. Ra7 f6 42. Kb2 Kb6 43. Ra8 Rg2 44. Rxa4 Rxf2+ 45. Kb3 Rg2 46. Re4 Rg5
47. Re7 Kc6 48. Kc4 Rg4+ 49. Kd3 Kd6 50. Ra7 Rg5 51. c4 Ke6 52. Ke4 Kd6 53. Ra6+
Ke7 54. Ra7+ Kf8 55. Ra8+ Kf7 56. Rd8 Rxh5 57. Rd7+ Kg6 58. Rd5 Rg5 59. Rxg5+
Kxg5 60. Kd5 h5 61. Kxc5 h4 62. Kd6 h3 63. c5 h2 64. c6 h1=Q 65. c7 Qd1+ 66. Ke7
Qc2 67. Kd8 Qd3+ 68. Kc8 Qf5+ 69. Kb8 Qe5 70. Kb7 Qb5+ 71. Ka8 Qa6+ 72. Kb8 Kf5
73. c8=B+ Qxc8+ 74. Kxc8 g5 75. Kd7 g4 76. Kd6 Ke4 77. Ke6 g3 78. Kxf6 g2 79.
Ke6 g1=Q 80. Kd6 Qxe3 81. Ke6 Qb6+ 82. Ke7 Ke5 83. Kf7 Qf6+ 84. Kg8 Qe7 85. Kh8
Kf6 86. Kg8 Qg7# 0-1

[Event "Ogolnopolska Olimpiada Mlodziezy C-12"]
[Site "Spala"]
[Date "1899-12-30"]
[Round "2.22"]
[White "Majocha, Piotr"]
[Black "Frank, Mateusz"]
[Result "1/2-1/2"]
[WhiteTitle "II"]
[BlackTitle "II"]
[WhiteElo "1462"]
[BlackElo "1329"]

1. e4 e5 2. Nf3 Nc6 3. c3 Nf6 4. d4 exd4 5. e5 Nd5 6. cxd4 d6 7. Nc3 dxe5 8. dxe5
Bb4 9. Bd2 Nxc3 10. Bxc3 Bxc3+ 11. bxc3 Qxd1+ 12. Rxd1 Bg4 13. Bb5 O-O 14. Bxc6
bxc6 15. O-O Rfd8 16. h3 Bxf3 17. gxf3 Kf8 18. f4 Ke7 19. Kg2 Rab8 20. Rb1 Rb6
21. Rfd1 Rxd1 22. Rxd1 Rb2 23. a4 Rb3 24. Rd4 Rxc3 25. Rb4 a5 26. Rb7 Kd7 27.
Ra7 Rc5 28. Kg3 g6 29. f3 h6 30. Ra8 Rd5 31. Rf8 Ke7 32. Rc8 Rd4 33. Rxc7+ Kf8
34. Rxc6 Rxa4 35. f5 gxf5 36. Rxh6 Kg7 37. Ra6 Kh7 38. Rf6 f4+ 39. Kg4 Kg7 40.
Ra6 Kh7 41. h4 Kg7 42. h5 Ra2 43. Kxf4 Rh2 44. Kg4 Rg2+ 45. Kf4 Rh2 46. Rxa5 Rxh5
47. Ra6 Rh4+ 48. Kg5 Rh3 49. f4 Rg3+ 50. Kf5 Rb3 51. Ra7 Rb5 52. Ra2 Rb6 53. Rg2+
Kf8 54. Re2 Ke7 55. Rc2 Kf8 56. Rc7 Ke8 57. Rc8+ Ke7 58. Rc7+ Ke8 59. Ra7 Kf8
60. Ra8+ 1/2-1/2

[Event "Ogolnopolska Olimpiada Mlodziezy C-12"]
[Site "Spala"]
[Date "1899-12-30"]
[Round "2.23"]
[White "Wloch, Mikolaj"]
[Black "Ciesielski, Maciej"]
[Result "1-0"]
[WhiteTitle "II"]
[BlackTitle "II"]
[WhiteElo "1455"]
[BlackElo "1201"]

1. e4 c5 2. Nf3 e6 3. d4 cxd4 4. Nxd4 a6 5. Nc3 Qc7 6. Be3 Nc6 7. Qd2 b5 8. f3
Bb7 9. O-O-O Rc8 10. Kb1 Bb4 11. a3 Ba5 12. g4 Nf6 13. g5 Ng8 14. Nxc6 Bxc6 15.
Bh3 b4 16. axb4 Bxb4 17. Qd4 Qb7 18. Qxg7 Bxc3 19. Qxc3 Bxe4 20. Bc5 Rxc5 21.
Qxc5 Bxf3 22. Qc3 Bxh1 23. Qxh8 Kf8 24. Qd4 Bc6 25. Rf1 Qb5 26. Qf4 1-0

[Event "Ogolnopolska Olimpiada Mlodziezy C-12"]
[Site "Spala"]
[Date "1899-12-30"]
[Round "3.1"]
[White "Teclaf, Pawel"]
[Black "Polczyk, Mikolaj"]
[Result "1-0"]
[WhiteTitle "CM"]
[BlackTitle "II+"]
[WhiteElo "1917"]
[BlackElo "1594"]

1. d4 Nf6 2. c4 g6 3. Nc3 Bg7 4. e4 d6 5. f3 O-O 6. Be3 c5 7. Nge2 Nc6 8. Qd2 Qa5
9. O-O-O Nd7 10. h4 cxd4 11. Nxd4 Nce5 12. Nb3 Qd8 13. Bh6 b6 14. Bxg7 Kxg7 15.
h5 Kg8 16. Qh6 Nf6 17. Nd5 Ned7 18. Nxf6+ Nxf6 19. e5 Bf5 20. exf6 exf6 21. hxg6
Bxg6 22. Bd3 Qc7 23. Nd4 Rfe8 24. Nf5 Bxf5 25. Bxf5 1-0

[Event "Ogolnopolska Olimpiada Mlodziezy C-12"]
[Site "Spala"]
[Date "1899-12-30"]
[Round "3.2"]
[White "Ochowicz, Jakub"]
[Black "Kopaczewski, Adam"]
[Result "0-1"]
[WhiteTitle "II"]
[BlackTitle "II+"]
[WhiteElo "1713"]
[BlackElo "1575"]

1. e4 e5 2. Nf3 Nc6 3. Bb5 a6 4. Bxc6 dxc6 5. O-O Bg4 6. h3 h5 7. d3 Qf6 8. Nbd2
g5 9. Nc4 Bxf3 10. Qxf3 Qxf3 11. gxf3 f6 12. h4 gxh4 13. f4 b5 14. Na5 Kd7 15.
fxe5 fxe5 16. f4 Bc5+ 17. Kh2 exf4 18. Bxf4 Nf6 19. Kh3 Ng4 20. d4 Be7 21. Nb3
Raf8 22. Rae1 Rh7 23. Rf3 Rhf7 24. Ref1 a5 25. e5 a4 26. Nd2 Ke6 27. c3 Rxf4 28.
Rxf4 Rxf4 29. Rxf4 Bg5 30. Rf8 Bxd2 31. Kxh4 Ne3 32. Kxh5 Bc1 33. Kg6 Nd5 34.
Rf2 c5 35. dxc5 Be3 36. Rh2 Bxc5 37. Kg5 Kxe5 38. Kg4 Ke4 39. Rh8 Kd3 40. Kf3
Ne3 41. Rh2 Nc4 42. Rh5 Nd2+ 43. Kg2 Ne4 44. Kf3 c6 45. Rh6 Nd6 46. Rh5 Be3 47.
Re5 Nc4 48. Re8 Kc2 49. Ke2 Kxb2 50. Kd3 Kxa2 51. Rh8 Kb2 52. Rh2+ Bd2 53. Rxd2+
Nxd2 54. Kxd2 a3 55. Kd3 a2 56. Kd4 a1=Q 57. Kc5 Kxc3 58. Kxc6 Kc4 59. Kb6 Qg1+
60. Ka5 Qa7# 0-1

[Event "Ogolnopolska Olimpiada Mlodziezy C-12"]
[Site "Spala"]
[Date "1899-12-30"]
[Round "3.3"]
[White "Kawaler, Adam"]
[Black "Golecki, Jan"]
[Result "1-0"]
[WhiteTitle "I"]
[BlackTitle "II"]
[WhiteElo "1647"]
[BlackElo "1555"]

1. d4 Nf6 2. Nf3 g6 3. c4 Bg7 4. Nc3 O-O 5. Bg5 d6 6. e3 Nbd7 7. Be2 c5 8. Qc2
a6 9. O-O cxd4 10. exd4 Qc7 11. Rad1 Re8 12. Rfe1 Nb6 13. b3 Bf5 14. Qd2 Rad8
15. Nh4 Bd7 16. Bd3 Bc6 17. Re2 Qc8 18. Rde1 Qg4 19. d5 Bd7 20. Ne4 h6 21. Bxf6
exf6 22. Nf3 Bc8 23. Nxf6+ Bxf6 24. Rxe8+ Kg7 25. Rxd8 Bxd8 26. Qe3 Nd7 27. Qe8
Nc5 28. Bc2 Bf6 29. b4 Bd7 30. Qe2 Na4 31. h3 Qh5 32. Bxa4 Bxa4 33. Nd2 Qxe2 34.
Rxe2 Bc3 35. Ne4 Bxb4 36. Rb2 a5 37. a3 Bxa3 38. Ra2 f5 39. Rxa3 fxe4 40. Rxa4
b6 41. c5 bxc5 42. Rxa5 Kf6 43. Ra1 Ke5 44. Rd1 c4 45. Kf1 c3 46. Ke2 g5 47. f3
h5 48. fxe4 Kxe4 49. Rd3 c2 50. Rc3 Kxd5 51. Rxc2 Ke4 52. Rc4+ Kd5 53. Kd3 1-0

[Event "Ogolnopolska Olimpiada Mlodziezy C-12"]
[Site "Spala"]
[Date "1899-12-30"]
[Round "3.4"]
[White "Pacan-milej, Kosma"]
[Black "Mis, Mieszko"]
[Result "1-0"]
[WhiteTitle "II+"]
[BlackTitle "I"]
[WhiteElo "1558"]
[BlackElo "1619"]

1. d4 d6 2. c4 e5 3. dxe5 dxe5 4. Qxd8+ Kxd8 5. Nc3 c6 6. Bd2 Be6 7. e3 Kc7 8.
Nf3 f6 9. O-O-O Nd7 10. Be2 Bc5 11. h3 a5 12. g4 Nb6 13. b3 a4 14. Kc2 Ne7 15.
Ne4 axb3+ 16. axb3 Ba3 17. Ng3 Rhd8 18. Bc3 h6 19. Bd3 Bf7 20. Nh4 Bd6 21. Ra1
g5 22. Nhf5 Nxf5 23. Nxf5 Bg6 24. Ba5 Bxf5 25. Bxf5 c5 26. Bc3 Rxa1 27. Rxa1 Ra8
28. Rxa8 Nxa8 29. Kd3 Kd8 30. Ke4 Nc7 31. Ba5 Ke7 32. Bxc7 Bxc7 33. Kd5 Ba5 34.
Kxc5 Be1 35. f3 Bf2 36. Kb6 Bxe3+ 37. Kxb7 Kd6 38. b4 Bd4 39. c5+ Bxc5 40. bxc5+
Kxc5 41. Kc7 Kd4 42. Kd6 Ke3 43. Be4 Kf4 44. Ke6 Kg3 45. Kxe5 fxe5 1-0

[Event "Ogolnopolska Olimpiada Mlodziezy C-12"]
[Site "Spala"]
[Date "1899-12-30"]
[Round "3.5"]
[White "Gozdzicki, Maciej"]
[Black "Pytel, Maciej"]
[Result "0-1"]
[WhiteTitle "II"]
[BlackTitle "I"]
[WhiteElo "1373"]
[BlackElo "1646"]

1. d4 Nf6 2. c4 e6 3. Nf3 Bb4+ 4. Bd2 Qe7 5. e3 b6 6. Bxb4 Qxb4+ 7. Qd2 Nc6 8.
a3 Qe7 9. Nc3 Na5 10. Qc2 O-O 11. Bd3 Bb7 12. e4 Ne8 13. O-O f5 14. Rfe1 f4 15.
d5 e5 16. b4 d6 17. bxa5 g5 18. Qe2 Kh8 19. Kf1 g4 20. Ng1 Qh4 21. f3 Nf6 22.
fxg4 Nxg4 23. Nf3 Nxh2+ 24. Nxh2 Qxh2 25. Qf3 Qh1+ 26. Ke2 Qh6 27. Rh1 Qg6 28.
Rh2 Bc8 29. Kd2 Bg4 30. Qf2 Rf7 31. Be2 c6 32. Bxg4 Qxg4 33. Qf3 Qd7 34. axb6
axb6 35. a4 cxd5 36. Nxd5 Qc6 37. Qb3 Qc5 38. Qc3 Qf2+ 39. Kd3 Qg3+ 40. Kc2 Qxh2
41. Nxb6 Qxg2+ 42. Kb3 Rg8 43. Kb4 Rg3 44. Qc1 Qf3 45. Rb1 Qxe4 46. a5 Qc6 47.
Ra1 Qc5+ 48. Ka4 Ra7 49. Qe1 Qxb6 50. Rb1 Qc6+ 51. Kb4 Rb7# 0-1

[Event "Ogolnopolska Olimpiada Mlodziezy C-12"]
[Site "Spala"]
[Date "1899-12-30"]
[Round "3.6"]
[White "Dabrowski, Damian"]
[Black "Strzelecki, Maciej"]
[Result "0-1"]
[WhiteTitle "II+"]
[BlackTitle "II"]
[WhiteElo "1627"]
[BlackElo "1526"]

1. e4 c5 2. Nf3 e6 3. d4 cxd4 4. Nxd4 Nf6 5. Nc3 Nc6 6. Bg5 Be7 7. f4 d6 8. Ndb5
a6 9. Bxf6 gxf6 10. Na3 b5 11. Ne2 Qb6 12. Qd2 Bb7 13. Ng3 Rc8 14. Bd3 Na5 15.
c3 d5 16. Nc2 dxe4 17. Bxe4 Nc4 18. Qc1 Bc5 19. b3 Nd6 20. Bxb7 Qxb7 21. Qd2 Ne4
22. Nxe4 Qxe4+ 23. Qe2 Qxf4 24. Rd1 Qe5 25. Qxe5 fxe5 26. b4 Be7 27. Rd3 Rg8 28.
g3 e4 29. Re3 Bg5 30. Rxe4 Rxc3 31. Re2 Ke7 32. O-O Rd8 33. Ref2 f5 34. Re2 Rdc8
35. Rxf5 Rxc2 36. Rxc2 Be3+ 37. Kf1 Rxc2 38. Rh5 h6 39. Re5 Bg5 40. h4 Bf6 41.
Rh5 Bg7 42. a4 e5 43. axb5 axb5 44. g4 Rc4 45. g5 hxg5 46. Rxg5 Bf6 47. Rg8 Rxh4
48. Rb8 Rxb4 49. Ke2 Rb3 50. Rb6 Kf7 51. Kd2 e4 52. Rc6 Kg6 53. Rc5 b4 54. Rb5
Rd3+ 55. Kc2 b3+ 56. Kc1 b2+ 57. Kc2 Rc3+ 58. Kd2 Rc1 59. Re5 Bxe5 60. Ke3 b1=Q
0-1

[Event "Ogolnopolska Olimpiada Mlodziezy C-12"]
[Site "Spala"]
[Date "1899-12-30"]
[Round "3.7"]
[White "Pultorak, Jan"]
[Black "Poziomkowski, Szymon"]
[Result "1/2-1/2"]
[WhiteTitle "I"]
[BlackTitle "II+"]
[WhiteElo "1965"]
[BlackElo "1431"]

1. b3 d5 2. Bb2 Bf5 3. Nf3 e6 4. e3 Nf6 5. c4 c5 6. Be2 Nc6 7. cxd5 exd5 8. O-O
Bd6 9. d4 cxd4 10. Nxd4 Bg6 11. Nd2 Nxd4 12. Bxd4 O-O 13. Nf3 Rc8 14. Rc1 Rxc1
15. Qxc1 a6 16. Rd1 Ne4 17. Be5 Bxe5 18. Nxe5 Qd6 19. Nf3 Nf6 20. Qc3 h6 21. h3
Bf5 22. Nd4 Be6 23. b4 Rc8 24. Qb2 Ne4 25. Bf3 Ng5 26. b5 Nxf3+ 27. Nxf3 axb5
28. Qxb5 Qc6 29. Qb4 Qc4 30. Qxb7 Qxa2 31. Nd4 Qa8 32. Qb6 Qb8 33. Qa6 Qa8 34.
Qd3 Qb7 35. Nxe6 fxe6 36. Rb1 Qc6 37. Qd4 Qc3 38. Qf4 Qc7 39. Qg4 Qe5 40. Rd1
Rf8 1/2-1/2

[Event "Ogolnopolska Olimpiada Mlodziezy C-12"]
[Site "Spala"]
[Date "1899-12-30"]
[Round "3.8"]
[White "Kosakowski, Jakub"]
[Black "Pniaczek, Marek"]
[Result "1-0"]
[WhiteTitle "I+"]
[BlackTitle "II"]
[WhiteElo "1953"]
[BlackElo "1527"]

1. e4 c5 2. Nf3 e6 3. d4 cxd4 4. Nxd4 Nf6 5. Nc3 Nc6 6. Ndb5 Bb4 7. a3 Bxc3+ 8.
Nxc3 d5 9. exd5 exd5 10. Bd3 O-O 11. O-O d4 12. Ne2 Bg4 13. f3 Bh5 14. Nf4 Bg6
15. Nxg6 hxg6 16. Re1 Qc7 17. Bg5 Rfe8 18. Qd2 Nd5 19. Be4 Nb6 20. b3 Qd6 21.
a4 a5 22. Bxc6 bxc6 23. Bh4 Qd5 24. Bf2 Red8 25. Rad1 c5 26. Qd3 Ra7 27. Qb5 Qd6
28. Bg3 Qf6 29. Be5 Qe6 30. Bc7 Rda8 1-0